Statistics for All Formula 1 Drivers with 100 or more Race Starts

Click here to take the quiz!

General Stats

  • This quiz has been taken 131 times
    (32 since last reset)
  • The average score is 50 of 80

Answer Stats

#CountryFirstAnswer% Correct
377Spain2001Fernando Alonso
100%
332United Kingdom2007Lewis Hamilton
100%
306Germany1991Michael Schumacher
100%
349Finland2001Kimi Raïkkönen
97%
180Germany1997Ralf Schumacher
97%
257Mexico2011Sergio Pérez
97%
161Brazil1984Ayrton Senna
93%
306United Kingdom2000Jenson Button
93%
185Netherlands2015Max Verstappen
93%
183Spain2015Carlos Sainz Jr.
90%
123Monaco2018Charles Leclerc
90%
239Australia2011Daniel Ricciardo
90%
106Netherlands1994Jos Verstappen
90%
299Germany2007Sebastian Vettel
90%
222Finland2013Valtteri Bottas
90%
171Austria1971Niki Lauda
86%
130France2017Pierre Gasly
86%
133France2016Esteban Ocon
83%
114Finland1978Keke Rosberg
83%
204Brazil1978Nelson Piquet
83%
206Germany2006Nico Rosberg
83%
199France1980Alain Prost
79%
115United Kingdom1992Damon Hill
79%
269Brazil2002Felipe Massa
79%
176United Kingdom1958Graham Hill
79%
105West Germany1973Jochen Mass
79%
163Denmark2014Kevin Magnussen
79%
143Canada2017Lance Stroll
79%
104United Kingdom2019Lando Norris
79%
215Australia2002Mark Webber
79%
161Finland1991Mika Häkkinen
79%
203Germany2010Nico Hülkenberg
79%
322Brazil1993Rubens Barrichello
79%
104United Kingdom2019George Russell
76%
126Australia1955Jack Brabham
76%
246United Kingdom1994David Coulthard
72%
144Brazil1970Emerson Fittipaldi
72%
163Canada1996Jacques Villeneuve
72%
110Russia2014Daniil Kvyat
69%
114Belgium1967Jacky Ickx
69%
210Austria1984Gerhard Berger
66%
187United Kingdom1980Nigel Mansell
66%
179France2009Romain Grosjean
66%
229Italy1996Giancarlo Fisichella
62%
111Finland2007Heikki Kovalainen
59%
252Italy1997Jarno Trulli
59%
201France1989Jean Alesi
59%
112South Africa1972Jody Scheckter
59%
183Germany2000Nick Heidfeld
59%
128United States1968Mario Andretti
55%
256Italy1977Ricardo Patrese
55%
116Australia1975Alan Jones
52%
156Germany1994Heinz-Harald Frentzen
52%
100New Zealand1958Bruce McLaren
48%
112New Zealand1965Denny Hulme
48%
111United Kingdom1960John Surtees
48%
123Sweden1970Ronnie Peterson
48%
109Finland1994Mika Salo
45%
157France1994Olivier Panis
45%
146Argentina1972Carlos Reutemann
41%
163Belgium1983Thierry Boutsen
41%
194Italy1981Michele Alboreto
38%
149France1978René Arnoux
38%
128Germany2007Adrian Sutil
34%
132Switzerland1970Clay Regazzoni
34%
145United Kingdom1993Eddie Irvine
34%
176France1974Jacques Laffite
34%
158United Kingdom1984Martin Brundle
34%
104Spain1999Pedro de la Rosa
34%
208Italy1980Andrea de Cesaris
31%
114France1977Patrick Tambay
31%
161United Kingdom1989Johnny Herbert
28%
108Italy1979Elio de Angelis
24%
152United Kingdom1973John Watson
24%
132United States1978Eddie Cheever
21%
147United Kingdom1981Derek Warwick
17%
104Sweden1956Jo Bonnier
17%
118Italy1984Pierluigi Martini
14%
135France1971Jean-Pierre Jarier
10%
109France1984Philippe Alliot
7%

Score Distribution

Percentile by Number Answered

Percent of People with Each Score

Your Score History

You have not taken this quiz since the last reset